| 000 | 00517nam a22001697a 4500 | ||
|---|---|---|---|
| 003 | OSt | ||
| 005 | 20160921134814.0 | ||
| 008 | 160921s2016 sp a||||||||| 001 0 spa|d | ||
| 020 | _a9788441538139 | ||
| 040 |
_bcat _cCDMR |
||
| 100 | 1 | _aRodríguez Fernández, Óscar | |
| 245 | 1 | 0 |
_a10 sencillos pasos para una estrategia efectiva en redes sociales _cÓscar Rodríguez |
| 260 |
_aMadrid : _bAnaya Multimedia, _ccop. 2016 |
||
| 300 |
_a335 p. : _bil. ; _c23 cm |
||
| 650 | 4 |
_aXarxes socials virtuals _xDisseny |
|
| 942 | _cMON | ||
| 999 |
_c6961 _d6961 |
||